000
00316nam a22001457a 4500
003
SGT
020
_a
978-93-5696-334-4
082
_a
616.07
_b
MOH
100
_a
MOHAN, HARSH
245
_a
TEXTBOOK OF PATHOLOGY
250
_a
9TH
260
_a
INDIA
_b
JAYPEE PUB.
_c
2024
650
_a
ATHOLOGY
942
_2
ddc
_c
BK
999
_c
33038
_d
33038